<?xml version="1.0" encoding="UTF-8"?>
<record
    xmlns:xsi="http://www.w3.org/2001/XMLSchema-instance"
    xsi:schemaLocation="http://www.loc.gov/MARC21/slim http://www.loc.gov/standards/marcxml/schema/MARC21slim.xsd"
    xmlns="http://www.loc.gov/MARC21/slim">

  <leader>01697nkm a22002657a 4500</leader>
  <controlfield tag="001">85809</controlfield>
  <controlfield tag="005">20260417124335.0</controlfield>
  <controlfield tag="007">kh boc</controlfield>
  <controlfield tag="008">260416s1891    sp ||||| |||| |0| i|spa d</controlfield>
  <datafield tag="040" ind1=" " ind2=" ">
    <subfield code="a">M-RABA</subfield>
    <subfield code="b">spa</subfield>
    <subfield code="c">M-RABA</subfield>
  </datafield>
  <datafield tag="100" ind1="1" ind2=" ">
    <subfield code="a">Jacquemin, Teodoro </subfield>
    <subfield code="9">111672</subfield>
  </datafield>
  <datafield tag="245" ind1="1" ind2="1">
    <subfield code="a">[Aparato de navegaci&#xF3;n a&#xE9;rea de Emilio Abes]</subfield>
    <subfield code="c">/ Jacquemin, Teodoro</subfield>
    <subfield code="h">[Material gr&#xE1;fico]</subfield>
  </datafield>
  <datafield tag="260" ind1=" " ind2=" ">
    <subfield code="b">Teodoro Jacquemin</subfield>
    <subfield code="c">, 1891</subfield>
  </datafield>
  <datafield tag="300" ind1=" " ind2=" ">
    <subfield code="a">1 fotograf&#xED;a</subfield>
    <subfield code="b">: alb&#xFA;mina</subfield>
    <subfield code="c">; imagen 14 x 16 cm </subfield>
    <subfield code="c">; soporte secundario 25 x 17 cm </subfield>
  </datafield>
  <datafield tag="500" ind1="0" ind2="0">
    <subfield code="a">Fotograf&#xED;a de un esquema dibujado por Emilio Abes que representa uno de sus inventos: "aparato de navegaci&#xF3;n a&#xE9;rea".</subfield>
  </datafield>
  <datafield tag="500" ind1="0" ind2="0">
    <subfield code="a">Al verso, en el soporte secundario, impresi&#xF3;n del sello en tinta azul del fot&#xF3;grafo "Fotograf&#xED;a el&#xE9;ctrica de Teodoro Jacquemin". 
</subfield>
  </datafield>
  <datafield tag="500" ind1="0" ind2="0">
    <subfield code="a">Remitida la fotograf&#xED;a por su autor el 23 de marzo de 1891. Informaci&#xF3;n tomada del Libro de Actas de 1891. "De una carta de D. Emilio Abes (de Denia) remitiendo una fotograf&#xED;a del aparato de navegaci&#xF3;n a&#xE9;rea que ha inventado. La Academia acord&#xF3; acusar recibo"</subfield>
  </datafield>
  <datafield tag="500" ind1="0" ind2="0">
    <subfield code="a">Nota manuscrita a l&#xE1;piz al verso con la fecha remitida por su autor: "23 de marzo de 1891".</subfield>
  </datafield>
  <datafield tag="544" ind1=" " ind2=" ">
    <subfield code="a">Actas Academia, 23 de marzo de 1891 (Disponible en l&#xED;nea: https://www.cervantesvirtual.com/portales/bellas_artes_san_fernando/obra-visor/actas-del-ano-1891--0/html/03292430-82b2-11df-acc7-002185ce6064_26.htm)</subfield>
  </datafield>
  <datafield tag="600" ind1="1" ind2="0">
    <subfield code="a">Abes, Emilio</subfield>
    <subfield code="9">111673</subfield>
  </datafield>
  <datafield tag="655" ind1=" " ind2="7">
    <subfield code="a">Fotograf&#xED;as.</subfield>
    <subfield code="9">54128</subfield>
  </datafield>
  <datafield tag="852" ind1=" " ind2=" ">
    <subfield code="j">Fot-651</subfield>
  </datafield>
  <datafield tag="856" ind1=" " ind2=" ">
    <subfield code="u">https://archivoybiblioteca.realacademiabellasartessanfernando.com/cgi-bin/koha/opac-retrieve-file.pl?id=2c0be36ea1033729ed71f3bc5b1e7ea7</subfield>
    <subfield code="y">Fot-651</subfield>
  </datafield>
  <datafield tag="942" ind1=" " ind2=" ">
    <subfield code="c">FOTOGRAF&#xCD;A</subfield>
    <subfield code="n">0</subfield>
  </datafield>
  <datafield tag="952" ind1=" " ind2=" ">
    <subfield code="0">0</subfield>
    <subfield code="1">0</subfield>
    <subfield code="2">ddc</subfield>
    <subfield code="4">0</subfield>
    <subfield code="7">0</subfield>
    <subfield code="8">FOTOGRAFIA</subfield>
    <subfield code="a">RABASF</subfield>
    <subfield code="b">RABASF</subfield>
    <subfield code="c">DP2</subfield>
    <subfield code="d">2026-04-16</subfield>
    <subfield code="l">0</subfield>
    <subfield code="o">Fot-651</subfield>
    <subfield code="p">1096922</subfield>
    <subfield code="r">2026-04-16 10:52:00</subfield>
    <subfield code="w">2026-04-16</subfield>
    <subfield code="y">FOTOGRAF&#xCD;A</subfield>
  </datafield>
  <datafield tag="999" ind1=" " ind2=" ">
    <subfield code="c">85809</subfield>
    <subfield code="d">85809</subfield>
  </datafield>
</record>
